El Presidente de la Diputación visitó a los enfermos de varias instituciones provinciales
Colección:
San Jorge,
; núm. 2 (abril 1951), pàg. 73-74
Materias:
Buxó de Abaigar, Joaquín, -- marqués de Castell-Florite, -- 1905-1979
; Visites oficials -- Barcelona (Catalunya)
Idioma:
Español
MARC
| LEADER | 00000naa a2200000 a 4500 | ||
|---|---|---|---|
| 003 | Arxiu | ||
| 005 | 20260324181027.0 | ||
| 008 | 160829s1951 spc xx s spa c | ||
| 040 | |a agdb | ||
| 245 | 0 | 3 | |a El Presidente de la Diputación visitó a los enfermos de varias instituciones provinciales |
| 490 | |a San Jorge, |v núm. 2 (abril 1951), pàg. 73-74 | ||
| 600 | 1 | 0 | |a Buxó de Abaigar, Joaquín, |c marqués de Castell-Florite, |d 1905-1979 |9 54201 |
| 650 | 0 | |9 31008 |a Visites oficials |z Barcelona (Catalunya) | |
| 773 | |t San Jorge. |g Núm. 2 (abril 1951), pàg. 73-74 | ||
| 901 | |a Arxiu | ||
| 942 | |n 1 |2 udc |c ART | ||
| 952 | |0 0 |1 0 |4 0 |7 1 |9 64534 |a Arxiu |b Arxiu |d 2022-11-30 |o Rev-508 |r 2022-11-30 00:00:00 |w 2022-11-30 |y ARXIU |z També disponible a Rev-521 | ||
| 999 | |c 44103 |d 44103 | ||